LEADER 04431oas 2201729 a 450 001 9910141209803321 005 20260218111719.0 011 $a2326-1986 035 $a(DE-599)ZDB2010543-5 035 $a(OCoLC)37699197 035 $a(CONSER)sn 97023237 035 $a(CKB)110975500577305 035 $a(DE-599)2010543-5 035 $a(EXLCZ)99110975500577305 100 $a19970929b19041920 uy a 101 0 $aeng 135 $aurcn||||||||| 181 $ctxt$2rdacontent 182 $cc$2rdamedia 183 $acr$2rdacarrier 200 14$aThe journal of philosophy, psychology and scientific methods 210 $aLancaster, Pa. $cScience Press$d1904-1920 311 1 $a0160-9335 606 $aPhilosophy$vPeriodicals 606 $aPsychology$vPeriodicals 606 $aScience$xMethodology$vPeriodicals 606 $aPhilosophy 606 $aPhilosophie$3(CaQQLa)201-0064784$vPe?riodiques$3(CaQQLa)201-0378307 606 $aPsychologie$3(CaQQLa)201-0069217$vPe?riodiques$3(CaQQLa)201-0378307 606 $aSciences$3(CaQQLa)201-0020924$xMe?thodologie$3(CaQQLa)201-0020924$vPe?riodiques$3(CaQQLa)201-0378307 606 $aPhilosophie$3(CaQQLa)201-0064784 606 $aphilosophy$2aat$3(CStmoGRI)aat300054279 606 $aPhilosophy$2fast$3(OCoLC)fst01060777 606 $aPsychology$2fast$3(OCoLC)fst01081447 606 $aScience$xMethodology$2fast$3(OCoLC)fst01108313 606 $aMethode$2gnd 606 $aPhilosophie$2gnd 606 $aPsychologie$2gnd 606 $aWissenschaft$2gnd 606 $aZeitschrift$2gnd 606 $aPhilosophy$vPeriodicals$2nli 606 $aPsychology$vPeriodicals$2nli 606 $aScience$xMethodology$vPeriodicals$2nli 606 $aMethode$2swd 606 $aPhilosophie$2swd 606 $aPsychologie$2swd 606 $aWissenschaft$2swd 606 $aZeitschrift$2swd 606 $aFilosofia$2thub 606 $aPsicologia$2thub 606 $aMetodologia de la ciència$2thub 608 $aPeriodical. 608 $aperiodicals.$2aat 608 $aCzasopismo filozoficzne.$2dbn 608 $aPeriodicals.$2fast 608 $aPeriodicals.$2lcgft 608 $aPe?riodiques.$2rvmgf 608 $aRevistes electròniques.$2thub 615 0$aPhilosophy 615 0$aPsychology 615 0$aScience$xMethodology 615 2$aPhilosophy. 615 6$aPhilosophie 615 6$aPsychologie 615 6$aSciences$xMe?thodologie 615 6$aPhilosophie. 615 7$aphilosophy. 615 7$aPhilosophy. 615 7$aPsychology. 615 7$aScience$xMethodology. 615 7$aMethode 615 7$aPhilosophie 615 7$aPsychologie 615 7$aWissenschaft. 615 7$aZeitschrift. 615 7$aPhilosophy 615 7$aPsychology 615 7$aScience$xMethodology 615 07$aMethode. 615 07$aPhilosophie. 615 07$aPsychologie. 615 07$aWissenschaft. 615 07$aZeitschrift. 615 7$aFilosofia. 615 7$aPsicologia. 615 7$aMetodologia de la ciència. 676 $a100 801 0$bEYM 801 1$bEYM 801 2$bIUL 801 2$bEYM 801 2$bOCL 801 2$bEYM 801 2$bIUL 801 2$bOCLCQ 801 2$bNSD 801 2$bCUD 801 2$bOCLCE 801 2$bOCLCQ 801 2$bOCLCO 801 2$bDLC 801 2$bOCLCO 801 2$bOCLCQ 801 2$bOCLCO 801 2$bOCLCF 801 2$bOCLCO 801 2$bOCLCQ 801 2$bDEBBG 801 2$bIBK 801 2$bGILDS 801 2$bU3W 801 2$bWYU 801 2$bOCLCO 801 2$bAUD 801 2$bOCLCA 801 2$bVT2 801 2$bOCLCO 801 2$bOCLCA 801 2$bNJT 801 2$bOCLCO 801 2$bUKBTH 801 2$bOCLCO 801 2$bOCLCA 801 2$bNLW 801 2$bOCLCA 801 2$bCUI 801 2$bOCLCQ 801 2$bCRL 801 2$bCSO 801 2$bLIP 801 2$bXFH 801 2$bUAB 801 2$bAU@ 801 2$bFIE 801 2$bUEJ 801 2$bSFB 801 2$bSRU 801 2$bVLY 801 2$bQGK 801 2$bM6U 801 2$bSXB 801 2$bOCLCL 801 2$bOCLCQ 906 $aJOURNAL 912 $a9910141209803321 996 $aJournal of philosophy, psychology and scientific methods$991056 997 $aUNINA